BUBT Library Online Catalog

Intellectual Property WTO and Bangladesh (Record no. 6468)

000 -LEADER
fixed length control field 00593nam a22002057a 4500
003 - CONTROL NUMBER IDENTIFIER
control field BUBTL
008 - FIXED-LENGTH DATA ELEMENTS--GENERAL INFORMATION
fixed length control field 210304b xxu||||| |||| 00| 0 eng d
020 ## - INTERNATIONAL STANDARD BOOK NUMBER
International Standard Book Number 984-8466-01-41
082 ## - DEWEY DECIMAL CLASSIFICATION NUMBER
Classification number 346.0485492/AZI
100 ## - MAIN ENTRY--PERSONAL NAME
Personal name Azam, Mohammad Monirul
9 (RLIN) 3987
245 ## - TITLE STATEMENT
Title Intellectual Property WTO and Bangladesh
Remainder of title Mohammad Monirul Azam
250 ## - EDITION STATEMENT
Edition statement 2nd
260 ## - PUBLICATION, DISTRIBUTION, ETC. (IMPRINT)
Place of publication, distribution, etc. Dhaka
Name of publisher, distributor, etc. New Warsi Book Corporation
Date of publication, distribution, etc. c2012
300 ## - PHYSICAL DESCRIPTION
Extent 579p . :
Other physical details 21 cm.
650 ## - SUBJECT ADDED ENTRY--TOPICAL TERM
Topical term or geographic name as entry element Law
9 (RLIN) 3988
700 ## - ADDED ENTRY--PERSONAL NAME
Personal name Mohammad Monirul Azam
9 (RLIN) 3989
856 ## - ELECTRONIC LOCATION AND ACCESS
Password 0
Logon 0
Link text Download
942 ## - ADDED ENTRY ELEMENTS (KOHA)
Source of classification or shelving scheme
Koha item type Books
Holdings
Withdrawn status Lost status Source of classification or shelving scheme Damaged status Not for loan Collection code Permanent location Current location Shelving location Date acquired Inventory number Total Checkouts Full call number Barcode Date last seen Copy number Price effective from Koha item type
          Non-fiction Bangladesh University of Business and Technology Library Bangladesh University of Business and Technology Library Law Stacks 03/04/2021 21968   346.0485492/AZI BUBTL-200321968 03/04/2021 C-1 03/04/2021 Books
          Non-fiction Bangladesh University of Business and Technology Library Bangladesh University of Business and Technology Library Law Stacks 03/04/2021 21969   346.0485492/AZI BUBTL-200321969 03/04/2021 C-2 03/04/2021 Books
          Non-fiction Bangladesh University of Business and Technology Library Bangladesh University of Business and Technology Library Law Stacks 03/04/2021 21970   346.0485492/AZI BUBTL-200321970 03/04/2021 C-3 03/04/2021 Books

More Information About Library

Library Hours

  • Open: 9.00 am. to 9.00 pm.
  • Only Sunday: 9.00 am. to 6.00 pm.
  • Closed: Holiday

Contact to the University

Bangladesh University of Business and Technology Library

  • Mirpurl-2, 1216.
  • Phone:
  • Fax:
  • E-Mail: admin.library@bubt.edu.bd

Contact to the Library

Contact Person:

Md. Abdul Hakim Shah
Joint Librarian
PABX No:  113
Cell No: 01816332931
E-mail: official: admin.library@bubt.edu.bd
Personal: hakim.shah@bubt.edu.bd


BUBT Library

Copyright © 2021